Top 20 Busiest European Airports - Statistics

General Stats
  • This quiz has been taken 95 times
  • The average score is 18 of 20
Answer Stats
Hint Answer % Correct
UK London Heathrow Airport
99%
Spain Adolfo Suarez Madrid-Barajas Airport
98%
Italy Leonardo Da Vinci-Fiumicino Airport
98%
Portugal Lisbon Airport
98%
Netherlands Amsterdam Airport Schiphol
97%
Ireland Dublin Airport
97%
Germany Frankfurt Am Main Airport
97%
UK Manchester Airport
97%
Russia Moscow Sheremetyevo International Airport
97%
France Paris Charles De Gualle Airport
97%
Turkey Istanbul Airport
95%
Austria Vienna International Airport
95%
Greece Athens International Airport
94%
Spain Josep Tarradellas Barcelona-El Prat Airport
94%
Germany Munich Airport
93%
Switzerland Zurich Airport
92%
UK London Gatwick Airport
84%
Spain Palma De Mallorca Airport
68%
France Paris Orly Airport
66%
UK London Stansted Airport
59%
No matching quizzes found
Score Distribution
Percent of People with Each Score
Percentile by Number Answered
Your Score History
You have not taken this quiz